Tropical Rainforest - World Map Sudden Death - Statistics

General Stats
  • This quiz has been taken 266 times
  • The average score is 11 of 17
Answers on the Grid
Answers color-coded by a green-red scale on the quiz's grid according to % correct below.
 
Answer Stats
Answer % Correct
94%
93%
90%
76%
76%
76%
72%
71%
70%
68%
65%
64%
59%
40%
30%
23%
22%
No matching quizzes found
Score Distribution
Percent of People with Each Score
Percentile by Number Answered
Your Score History
You have not taken this quiz